LEADER 01123nam a2200289 u 4500 001 000000061599 003 CaOOAMICUS 005 20070226121036.0 008 010910s1961 fr u000 u fre u 035 $a10902154 040 $aPUL(R)$bita 100 1 $aCottier, Georges,$cO.P.,$d1922-$0(OLS)http://pul/name/185 245 10$aDu romantisme au marxisme /$cGeorges M.-M. Cottier. 260 $aParis :$bAlsatia,$cc1961. 300 $a230 p. ;$c22 cm 490 1 $aSagesse et Cultures 504 $aBibliografia in nota. 650 4$aMarxismo.$0(OLS)http://pul/subject/4889 650 4$aSocialismo$xStoria.$0(OLS)http://pul/subject/7757 650 4$aRomanticismo.$0(OLS)http://pul/subject/3381 830 0$aSagesse et Cultures.$0(OLS)http://pul/title/4125 850 $aPUL 852 $aPUL$W1$xDP1 Cons. Gen., Altre Classi 1$y22$m45 D 20$j80230$nBK-PRI$b $qStampati$B80230$CPULBib$Z2$F80230 $H $81 941 1 $a8 961 $aINV: 40109 996 $6245$aDu romantisme au marxisme$9(OLS)http://pul/title/82236 996 $6260$aParis :$bAlsatia$9(OLS)http://pul/publisher/49547 LEADER 01285nam a2200277 a 4500 001 000000166433 003 CaOOAMICUS 005 20180306115700.0 006 a 000 u 008 180306s2017 it frm z000 u ita r 032 $aLibriCat 040 $aPUL$bita 100 1 $aRotasperti, Sergio.$0(OLS)http://pul/name/96191 245 11$a"Sorgente di vita è la bocca del giusto" :$bl'arte della metafora nel Libro dei Proverbi /$cSergio Rotasperti. 260 $aRoma :$bPontificia Università Gregoriana,$c2017. 300 $a119 p. ;$c24 cm 502 $aEstratto da Tesi -- Pontificia Università Gregoriana. Facoltà di teologia, 2017. 504 $aBibliografia: p.[85]-110. 630 04$aBiblia.$pV.T.$pProverbia$xCommenti.$0(OLS)http://pul/subject/634 710 2 $aPontificia Università Gregoriana.$bFacoltà di teologia.$kTesi.$0(OLS)http://pul/name/81592 850 $aPUL 852 $aPUL$W1$xDP1 Tesi Pon. Univ. Gregoriana$y40$m2017 B 29$j190991$qTesi$B193866$CPULBib$Z2$F193866 $81 941 1 $a16 996 $6245$a"Sorgente di vita è la bocca del giusto" :$bl'arte della metafora nel Libro dei Proverbi$9(OLS)http://pul/title/190366 996 $6260$aRoma :$bPontificia Università Gregoriana$9(OLS)http://pul/publisher/47853